Guess the country's shortest land border - Statistics

General Stats
  • This quiz has been taken 17 times
  • The average score is 15 of 18
Answer Stats
Hint Answer % Correct
Austria Liechtenstein
93%
France Monaco
93%
Russia North Korea
93%
Saudi Arabia Qatar
93%
D.R Congo Rwanda
93%
Ukraine Slovakia
93%
Morocco Spain
93%
Germany Belgium
87%
Algeria Mauritania
87%
Croatia Montenegro
87%
Brazil Suriname
87%
Rwanda Uganda
87%
China Afghanistan
80%
Zambia Botswana
80%
South Africa Zimbabwe
80%
Türkiye Azerbaijan
73%
Tanzania Zambia
73%
Serbia North Macedonia
67%
No matching quizzes found
Score Distribution
Percent of People with Each Score
Percentile by Number Answered
Your Score History
You have not taken this quiz